Introducción a la estadística /

Bibliographic Details
Main Author: Illowsky, Barbara (Author)
Format: Electronic eBook
Language:Spanish
Published: [Quito, Ecuador] : Cervantes Digital, [2023]
Subjects:
Online Access:Digitalia Hispánica

MARC

LEADER 00000nam a2200000Ii 4500
001 DIGCERVAN0226
003 NyNyDIG
006 m o d
007 cr |||||||||||
008 250103s2023 ec a o 000 0 spa d
035 |a (OCoLC)1440201438 
040 |a DGITA  |b eng  |e rda  |e pn  |c DGITA 
020 |a 9791222430249  |q eBook 
050 1 4 |a QA276.12 ebook 
082 0 4 |a 519.5  |2 23 
100 1 |a Illowsky, Barbara,  |e author. 
245 1 0 |a Introducción a la estadística /  |c Barbara Illowsky [and 15 others]. 
264 1 |a [Quito, Ecuador] :  |b Cervantes Digital,  |c [2023] 
300 |a 1 online resource :  |b illustrations. 
336 |a text  |b txt  |2 rdacontent 
337 |a computer  |b c  |2 rdamedia 
338 |a online resource  |b cr  |2 rdacarrier 
347 |a text file  |2 rdaft 
347 |b EPUB 
347 |b EPDF 
588 0 |a Online resource; title from ePub title page (Digitalia, viewed January 3, 2025) 
650 0 |a Statistics. 
791 2 |a Digitalia (Firm),  |e distributor. 
793 0 |g Digitalia eBook Collection:  |a Cervantes Digital 
856 4 0 |3 Digitalia Hispánica  |u https://www.digitaliapublishing.com/a/129369/ 
910 |a Premium collection: 2025